Drawing a Blank V Quiz Stats

 Plays Quiz Updated Oct 4, 2018

Also try: Drawing a Blank IV
Challenge
Share
Tweet
Embed
Score 0/60 Timer 02:00
1 Play Today
Hint Answer % Correct
????
100%
????
96.9%
????
94.2%
????
93.5%
????
91.2%
????
89.6%
????
88.9%
????
88.6%
????
79.3%
????
63.4%
????
60.1%
????
54.1%
????
53.4%
????
52.5%
????
49.8%
????
46.8%
????
46.4%
????
46.2%
????
45.2%
????
45%
????
44.8%
????
43%
????
42.5%
????
41.5%
????
41%
????
39.1%
????
35.8%
????
35.4%
????
34.9%
????
33.6%
Hint Answer % Correct
????
33.4%
????
32.8%
????
32.5%
????
31.7%
????
31.3%
????
28.6%
????
28.1%
????
27.9%
????
25%
????
23.2%
????
22%
????
20.8%
????
20.3%
????
19.2%
????
18.8%
????
16.7%
????
15.6%
????
15.3%
????
14%
????
13.7%
????
13%
????
12.1%
????
11.7%
????
11.2%
????
10.6%
????
9.5%
????
7.5%
????
7.1%
????
6.2%
????
5.4%

You're not logged in!

Compare scores with friends on all Sporcle quizzes.
OR
Log In

You Might Also Like...

Show Comments

Extras

Top Quizzes Today


Score Distribution

Your Account Isn't Verified!

In order to create a playlist on Sporcle, you need to verify the email address you used during registration. Go to your Sporcle Settings to finish the process.

Report this User

Report this user for behavior that violates our Community Guidelines.

Details: